00521 2200181 4500001002100000005001700021008004100038035002400079082001200103090001800115100002400133245004500157250001100202260006100213300002800274650002500302990001200327YOGYA-0512000000021020120503203934.0 ind  0010-051200000000210 a839.313 a839.313 Gul W aGULBRANSSEN, Trygve aDe weg tot elkandercTrygve Gulbranssen. aCet.2. aDen HaagbZuid-Hollandsche Uitgevers Maatschappijc[s.a] a313 hlm.bilus.c23 cm. aKesusastraan Belanda a53591-a